LEADER 01570nam 2200373 n 450 001 996385162903316 005 20200818214325.0 035 $a(CKB)4940000000071664 035 $a(EEBO)2240899353 035 $a(UnM)99848185e 035 $a(UnM)99848185 035 $a(EXLCZ)994940000000071664 100 $a19920102d1595 uy | 101 0 $aeng 135 $aurbn||||a|bb| 200 04$aThe arraignment and conuiction of vsurie$b[electronic resource] $eThat is, The iniquitie, and vnlawfulnes of vsurie, displayed in sixe sermons, preached at Saint Edmunds Burie in Suffolke, vpon Prouerb. 28.8. By Miles Mosse, minister of the worde, and Bacheler of Diuinitie. Seene and allowed by authoritie. The especiall contents of this booke, are declared in the page next before the treatise it self. Reade all, or censure none 210 $aAt London $cPrinted by the widdow Orwin, for Thomas Man$d1595 215 $a[20], 171, [1] p 300 $aA variant (STC 18208) names J. Porter as publisher in the imprint. 300 $aReproduction of the original in the Henry E. Huntington Library and Art Gallery. 330 $aeebo-0113 606 $aUsury$vSermons$vEarly works to 1800 606 $aSermons, English$y16th century 615 0$aUsury 615 0$aSermons, English 700 $aMosse$b Miles$ffl. 1580-1614.$01001689 801 0$bCu-RivES 801 1$bCu-RivES 801 2$bCStRLIN 801 2$bWaOLN 906 $aBOOK 912 $a996385162903316 996 $aThe arraignment and conuiction of vsurie$92340449 997 $aUNISA LEADER 01173nam0 22002891i 450 001 UON00128916 005 20231205102748.182 100 $a20020107d1985 |0itac50 ba 101 $aeng 102 $aIN 105 $a|||| 1|||| 200 1 $aArchaeology of Indian Musical Instruments$fK. Krishnamurthy 210 $aDelhi$cSundeep Prakashan$d1985 215 $aXV, 108 p., c. di tav.$d23 cm 606 $aMUSICA INDIANA$3UONC004712$2FI 620 $aIN$dNew Delhi$3UONL000110 686 $aSI IX H$cSUBCONT. INDIANO - ARTI - MUSICA, TEATRO, CINEMA, DANZA$2A 700 1$aKRISHNAMURTHY$bK.$3UONV012210$0640947 712 $aSundeep prakashan$3UONV247185$4650 790 1$aKRISHNAMOORTHY, K.$zKRISHNAMURTHY, K.$3UONV013667 790 1$aKRISHNA MURTHY, K.$zKRISHNAMURTHY, K.$3UONV019080 801 $aIT$bSOL$c20240220$gRICA 899 $aSIBA - SISTEMA BIBLIOTECARIO DI ATENEO$2UONSI 912 $aUON00128916 950 $aSIBA - SISTEMA BIBLIOTECARIO DI ATENEO$dSI SI IX H 035 $eSI SA 51688 7 035 996 $aArchaeology of Indian Musical Instruments$91319650 997 $aUNIOR